00536 2200193 4500001002100000005001500021035002000036007000300056008004100059020002200100082001800122084002400140100001400164245003000178250001900208260006500227300003200292856001800324INLIS00000000000005520250710115628 a0010-0725000055ta250710 a 0 ind  a978-623-307-190-1 a398.209 598 2 a398.209 598 2 SAP p0 aSaptorini1 aPenabuh gong /cSaptorini aCetakn pertama aRawamangun :bBadan pengembangan dan pembinaan bahasa,c2024 a28 hlm. :bIlus. ;c29,7 cm aTBM As suhada